<?xml version="1.0" encoding="UTF-8"?>
<record
    xmlns:xsi="http://www.w3.org/2001/XMLSchema-instance"
    xsi:schemaLocation="http://www.loc.gov/MARC21/slim http://www.loc.gov/standards/marcxml/schema/MARC21slim.xsd"
    xmlns="http://www.loc.gov/MARC21/slim">

  <leader>02360cam a22005655a 4500</leader>
  <datafield tag="999" ind1=" " ind2=" ">
    <subfield code="c">22194</subfield>
    <subfield code="d">22166</subfield>
  </datafield>
  <controlfield tag="001">9618693</controlfield>
  <controlfield tag="003">EG-ScBUE</controlfield>
  <controlfield tag="005">20210322101619.0</controlfield>
  <controlfield tag="008">120227t2012    nyua   f b    001 0 eng d</controlfield>
  <datafield tag="020" ind1=" " ind2=" ">
    <subfield code="a">9780393912494 (v. A)</subfield>
  </datafield>
  <datafield tag="020" ind1=" " ind2=" ">
    <subfield code="a">0393912493 (v. A)</subfield>
  </datafield>
  <datafield tag="020" ind1=" " ind2=" ">
    <subfield code="a">9780393912500 (v. B)</subfield>
  </datafield>
  <datafield tag="020" ind1=" " ind2=" ">
    <subfield code="a">0393912507 (v. B)</subfield>
  </datafield>
  <datafield tag="020" ind1=" " ind2=" ">
    <subfield code="a">9780393912517 (v. C)</subfield>
  </datafield>
  <datafield tag="020" ind1=" " ind2=" ">
    <subfield code="a">0393912515 (v. C)</subfield>
  </datafield>
  <datafield tag="020" ind1=" " ind2=" ">
    <subfield code="a">9780393913002 (Package 1)</subfield>
  </datafield>
  <datafield tag="020" ind1=" " ind2=" ">
    <subfield code="a">0393913007 (Package 1)</subfield>
  </datafield>
  <datafield tag="040" ind1=" " ind2=" ">
    <subfield code="a">VVB</subfield>
    <subfield code="b">eng</subfield>
    <subfield code="e">rda</subfield>
    <subfield code="c">VVB</subfield>
    <subfield code="d">VVB</subfield>
    <subfield code="d">YDXCP</subfield>
    <subfield code="d">OCLCQ</subfield>
    <subfield code="d">UKMGB</subfield>
    <subfield code="d">CDN</subfield>
    <subfield code="d">CDN</subfield>
    <subfield code="d">EG-ScBUE</subfield>
  </datafield>
  <datafield tag="043" ind1=" " ind2=" ">
    <subfield code="a">e-uk---</subfield>
  </datafield>
  <datafield tag="082" ind1="0" ind2="4">
    <subfield code="a">820.8</subfield>
    <subfield code="b">NOR</subfield>
    <subfield code="2">22</subfield>
  </datafield>
  <datafield tag="245" ind1="0" ind2="4">
    <subfield code="a">The Norton anthology of English literature /</subfield>
    <subfield code="c">Stephen Greenblatt, general editor, Cogan University professor of the humanities, Harvard University.</subfield>
  </datafield>
  <datafield tag="246" ind1="3" ind2="0">
    <subfield code="a">Anthology of English literature</subfield>
  </datafield>
  <datafield tag="250" ind1=" " ind2=" ">
    <subfield code="a">Ninth edition.</subfield>
  </datafield>
  <datafield tag="264" ind1=" " ind2="1">
    <subfield code="a">New York ;</subfield>
    <subfield code="a">London :</subfield>
    <subfield code="b">W. W. Norton and Company,</subfield>
    <subfield code="c">[2012]</subfield>
  </datafield>
  <datafield tag="264" ind1=" " ind2="4">
    <subfield code="c">c2012</subfield>
  </datafield>
  <datafield tag="300" ind1=" " ind2=" ">
    <subfield code="a">3 volumes :</subfield>
    <subfield code="b">illustrations ;</subfield>
    <subfield code="c">24 cm</subfield>
  </datafield>
  <datafield tag="336" ind1=" " ind2=" ">
    <subfield code="2">rdacontent</subfield>
    <subfield code="a">text</subfield>
    <subfield code="b">txt</subfield>
  </datafield>
  <datafield tag="337" ind1=" " ind2=" ">
    <subfield code="2">rdamedia</subfield>
    <subfield code="a">unmediated</subfield>
    <subfield code="b">n</subfield>
  </datafield>
  <datafield tag="338" ind1=" " ind2=" ">
    <subfield code="2">rdacarrier</subfield>
    <subfield code="a">volume</subfield>
    <subfield code="b">nc</subfield>
  </datafield>
  <datafield tag="504" ind1=" " ind2=" ">
    <subfield code="a">Includes bibliographical references and index.</subfield>
  </datafield>
  <datafield tag="505" ind1="0" ind2=" ">
    <subfield code="a">Content : volume A. 1. The Middle Ages / James Simpson, Alfred David -- volume B. The sixteenth century and the early seventeenth century / Stephen Greenblatt ... [et al.] -- volume C. The Restoration and the eighteenth century / James Noggle, Lawrence Lipking.</subfield>
  </datafield>
  <datafield tag="650" ind1=" " ind2="7">
    <subfield code="a">English literature</subfield>
    <subfield code="y">Early modern, 1500-1700</subfield>
    <subfield code="x">History and criticism.</subfield>
    <subfield code="2">BUEsh</subfield>
    <subfield code="9">19683</subfield>
  </datafield>
  <datafield tag="650" ind1=" " ind2="7">
    <subfield code="a">English literature</subfield>
    <subfield code="y">18th century</subfield>
    <subfield code="x">History and criticism.</subfield>
    <subfield code="2">BUEsh</subfield>
    <subfield code="9">37269</subfield>
  </datafield>
  <datafield tag="651" ind1=" " ind2=" ">
    <subfield code="2">BUEsh</subfield>
  </datafield>
  <datafield tag="653" ind1=" " ind2=" ">
    <subfield code="c">August 2016	</subfield>
    <subfield code="b">HHUUEENN</subfield>
  </datafield>
  <datafield tag="653" ind1=" " ind2=" ">
    <subfield code="b">HHUUEENN</subfield>
    <subfield code="c">October2016</subfield>
  </datafield>
  <datafield tag="655" ind1=" " ind2=" ">
    <subfield code="v">Reading book</subfield>
    <subfield code="9">34232</subfield>
  </datafield>
  <datafield tag="700" ind1="1" ind2=" ">
    <subfield code="a">Greenblatt, Stephen,</subfield>
    <subfield code="d">1943-</subfield>
    <subfield code="e">editor.</subfield>
  </datafield>
  <datafield tag="740" ind1="0" ind2=" ">
    <subfield code="a">Middle ages.</subfield>
  </datafield>
  <datafield tag="740" ind1="0" ind2=" ">
    <subfield code="a">Sixteenth century and the early seventeenth century.</subfield>
  </datafield>
  <datafield tag="740" ind1="0" ind2=" ">
    <subfield code="a">16th century and the early 17th century.</subfield>
  </datafield>
  <datafield tag="740" ind1="0" ind2=" ">
    <subfield code="a">Restoration and the eighteenth century.</subfield>
  </datafield>
  <datafield tag="740" ind1="0" ind2=" ">
    <subfield code="a">Restoration and the 18th century.</subfield>
  </datafield>
  <datafield tag="740" ind1="0" ind2=" ">
    <subfield code="a">Romantic period.</subfield>
  </datafield>
  <datafield tag="740" ind1="0" ind2=" ">
    <subfield code="a">Victorian age.</subfield>
  </datafield>
  <datafield tag="740" ind1="0" ind2=" ">
    <subfield code="a">Twentieth century and after.</subfield>
  </datafield>
  <datafield tag="740" ind1="0" ind2=" ">
    <subfield code="a">20th century and after.</subfield>
  </datafield>
  <datafield tag="856" ind1=" " ind2=" ">
    <subfield code="u">http://www.wwnorton.com/college/english/nael9/</subfield>
    <subfield code="y">Student Studyspace</subfield>
  </datafield>
  <datafield tag="942" ind1=" " ind2=" ">
    <subfield code="2">ddc</subfield>
    <subfield code="e">22</subfield>
    <subfield code="k">820.8 NOR</subfield>
    <subfield code="c">BB</subfield>
  </datafield>
  <datafield tag="952" ind1=" " ind2=" ">
    <subfield code="0">0</subfield>
    <subfield code="1">0</subfield>
    <subfield code="2">ddc</subfield>
    <subfield code="4">0</subfield>
    <subfield code="7">0</subfield>
    <subfield code="8">Baccah</subfield>
    <subfield code="a">MAIN</subfield>
    <subfield code="b">MAIN</subfield>
    <subfield code="c">2ND</subfield>
    <subfield code="d">2016-08-22</subfield>
    <subfield code="e">Purchase</subfield>
    <subfield code="g">862.00</subfield>
    <subfield code="h">25868</subfield>
    <subfield code="l">0</subfield>
    <subfield code="o">820.8 NOR</subfield>
    <subfield code="p">000033326</subfield>
    <subfield code="r">2025-07-15 00:00:00</subfield>
    <subfield code="v">1077.00</subfield>
    <subfield code="y">BB</subfield>
    <subfield code="z">Volume A</subfield>
  </datafield>
  <datafield tag="952" ind1=" " ind2=" ">
    <subfield code="0">0</subfield>
    <subfield code="1">0</subfield>
    <subfield code="2">ddc</subfield>
    <subfield code="4">0</subfield>
    <subfield code="7">0</subfield>
    <subfield code="8">Baccah</subfield>
    <subfield code="a">MAIN</subfield>
    <subfield code="b">MAIN</subfield>
    <subfield code="c">2ND</subfield>
    <subfield code="d">2016-08-22</subfield>
    <subfield code="e">Purchase</subfield>
    <subfield code="g">862.00</subfield>
    <subfield code="h">25868</subfield>
    <subfield code="l">0</subfield>
    <subfield code="o">820.8 NOR</subfield>
    <subfield code="p">000033327</subfield>
    <subfield code="r">2025-07-15 00:00:00</subfield>
    <subfield code="v">1077.00</subfield>
    <subfield code="y">BB</subfield>
    <subfield code="z">Vol. 2.</subfield>
  </datafield>
  <datafield tag="952" ind1=" " ind2=" ">
    <subfield code="0">0</subfield>
    <subfield code="1">0</subfield>
    <subfield code="2">ddc</subfield>
    <subfield code="4">0</subfield>
    <subfield code="7">0</subfield>
    <subfield code="8">Baccah</subfield>
    <subfield code="a">MAIN</subfield>
    <subfield code="b">MAIN</subfield>
    <subfield code="c">2ND</subfield>
    <subfield code="d">2016-08-22</subfield>
    <subfield code="e">Purchase</subfield>
    <subfield code="g">862.00</subfield>
    <subfield code="h">25868</subfield>
    <subfield code="l">1</subfield>
    <subfield code="o">820.8 NOR</subfield>
    <subfield code="p">000033328</subfield>
    <subfield code="r">2025-07-15 00:00:00</subfield>
    <subfield code="s">2018-03-21</subfield>
    <subfield code="v">1077.00</subfield>
    <subfield code="y">BB</subfield>
    <subfield code="z">Volume c</subfield>
  </datafield>
  <datafield tag="952" ind1=" " ind2=" ">
    <subfield code="0">0</subfield>
    <subfield code="1">0</subfield>
    <subfield code="2">ddc</subfield>
    <subfield code="4">0</subfield>
    <subfield code="7">0</subfield>
    <subfield code="8">Baccah</subfield>
    <subfield code="a">MAIN</subfield>
    <subfield code="b">MAIN</subfield>
    <subfield code="c">0TH</subfield>
    <subfield code="d">2016-10-17</subfield>
    <subfield code="e">Purchase</subfield>
    <subfield code="g">519.00</subfield>
    <subfield code="h">26103</subfield>
    <subfield code="l">0</subfield>
    <subfield code="o">820.8 NOR</subfield>
    <subfield code="p">000033439</subfield>
    <subfield code="r">2025-07-15 00:00:00</subfield>
    <subfield code="v">648.00</subfield>
    <subfield code="y">REFERENCE</subfield>
    <subfield code="z">Vol. C</subfield>
  </datafield>
  <datafield tag="952" ind1=" " ind2=" ">
    <subfield code="0">0</subfield>
    <subfield code="1">0</subfield>
    <subfield code="2">ddc</subfield>
    <subfield code="4">0</subfield>
    <subfield code="7">0</subfield>
    <subfield code="8">Baccah</subfield>
    <subfield code="a">MAIN</subfield>
    <subfield code="b">MAIN</subfield>
    <subfield code="c">0TH</subfield>
    <subfield code="d">2016-10-17</subfield>
    <subfield code="e">Purchase</subfield>
    <subfield code="g">519.00</subfield>
    <subfield code="h">26103</subfield>
    <subfield code="l">0</subfield>
    <subfield code="o">820.8 NOR</subfield>
    <subfield code="p">000033440</subfield>
    <subfield code="r">2025-07-15 00:00:00</subfield>
    <subfield code="v">648.00</subfield>
    <subfield code="y">REFERENCE</subfield>
    <subfield code="z">Vol. B</subfield>
  </datafield>
  <datafield tag="952" ind1=" " ind2=" ">
    <subfield code="0">0</subfield>
    <subfield code="1">0</subfield>
    <subfield code="2">ddc</subfield>
    <subfield code="4">0</subfield>
    <subfield code="7">0</subfield>
    <subfield code="8">Baccah</subfield>
    <subfield code="a">MAIN</subfield>
    <subfield code="b">MAIN</subfield>
    <subfield code="c">0TH</subfield>
    <subfield code="d">2016-10-17</subfield>
    <subfield code="e">Purchase</subfield>
    <subfield code="g">519.00</subfield>
    <subfield code="h">26103</subfield>
    <subfield code="l">0</subfield>
    <subfield code="o">820.8 NOR</subfield>
    <subfield code="p">000033441</subfield>
    <subfield code="r">2025-07-15 00:00:00</subfield>
    <subfield code="v">648.00</subfield>
    <subfield code="w">2016-10-17</subfield>
    <subfield code="y">REFERENCE</subfield>
    <subfield code="z">Volume A</subfield>
  </datafield>
</record>
